000
00250nam a2200109Ia 4500
008
220204s9999 xx 000 0 und d
082
_a
82-3
_b
SHE
100
_a
Sheldon, Sidney
245
0
_a
Bloodline
260
_a
New York
_b
Warner
_c
1979
942
_c
BK
999
_c
28567
_d
28567